Statistics for Countries Bordering at least 2 Two or More Word Countries

Click here to take the quiz!

General Stats

  • This quiz has been taken 69 times
  • The average score is 10 of 16

Answer Stats

# COUNTRY % Correct
3DR Congo
83%
2Rep. of the Congo
81%
3CAR
72%
3Guinea
69%
2Oman
69%
2Gabon
66%
2Sudan
66%
2Ghana
64%
2Mali
64%
3Cameroon
62%
2Angola
60%
2Liberia
59%
2Uganda
53%
2Italy
52%
2Indonesia
48%
2South Sudan
43%

Score Distribution

Percentile by Number Answered

Percent of People with Each Score

Your Score History

You have not taken this quiz